Closing Lyrics: TV Edition Quiz Stats

Quiz Updated Nov 20, 2011

Challenge
Share
Tweet
Embed
Score 0/24 Timer 05:00
1 Play Today
Last Line TV Show % Correct
You want to go where everybody knows your name.Cheers
83.2%
From seven stranded castaways, here on [Modified Title].Gilligan's Island
82.3%
I'll be there for you, 'cause you're there for me too.Friends
80.1%
Welcome aboard, it's love.The Love Boat
72%
Please, won't you be my neighbor?Mr. Rogers' Neighborhood
69.6%
Can you tell me how to get, how to get to [Title].Sesame Street
66.4%
Cleveland rocks! Cleveland rocks!The Drew Carey Show
62.9%
That's the way we all became [Title].The Brady Bunch
60.3%
We finally got a piece of the pie.The Jeffersons
57.4%
Gee our old LaSalle ran great, those were the days.All In the Family
50.5%
You're gonna make it after all.Mary Tyler Moore Show
48.9%
You're not the boss of me now and you're not so big. (Life is unfair...)Malcolm in the Middle
48.5%
Last Line TV Show % Correct
But we're too busy singing to put anybody down.The Monkees
41.1%
Make all our dreams come true, for me and you.Laverne & Shirley
39.5%
To have a heapin' helpin' of their hospitality.The Beverly Hillbillies
39.3%
Come on down to [Title] and meet some friends of mine.South Park
36.9%
What would we do baby, without us? (Sha la la la)Family Ties
34.1%
As days go by, it's the bigger love of the family.Family Matters
33.9%
Believe it or not, it's just me.The Greatest American Hero
30.7%
It all started with [Modified Title].The Big Bang Theory
19.9%
Brand new life, around the bend.Who's the Boss?
18.1%
Fightin' the system like a true modern day Robin HoodThe Dukes of Hazzard
14.1%
We're gonna pay a call on [Title].The Addams Family
11.8%
Flying there-under, under the sea.Flipper
8.5%

You're not logged in!

Compare scores with friends on all Sporcle quizzes.
Join for Free
OR
Log In

You Might Also Like...

Show Comments

Extras

Top Quizzes Today


Score Distribution

Your Account Isn't Verified!

In order to create a playlist on Sporcle, you need to verify the email address you used during registration. Go to your Sporcle Settings to finish the process.

Report this User

Report this user for behavior that violates our Community Guidelines.

Details: